| 000 | 00652cam a22002175a 4500 | ||
|---|---|---|---|
| 001 | L159705 | ||
| 008 | 150226s2016 xxk f 000 0 eng d | ||
| 035 | _a(Sirsi) u159705 | ||
| 041 | 0 | _aeng | |
| 100 | 1 | _aMann, Will | |
| 245 | 0 | 0 | _aMaking Waverley |
| 260 | _c2017 | ||
| 490 |
_aModus _vNovember 2016, 34-35 (2) |
||
| 520 | _aA £150 mixed-used scheme on th edge of Edinburgh's UNESCO World Heritage site has had to negotiate stringent planning requirements and a storm of protest. | ||
| 590 | _aKA | ||
| 650 | 2 | 4 | _aHERITAGE PROPERTY |
| 650 | 2 | 4 | _aMIXED-USE DEVELOPMENTS |
| 651 | 4 | _aEdinburgh | |
| 690 |
_aRefurbishment _96264 |
||
| 942 | _n0 | ||
| 999 |
_c84925 _d84925 |
||